[Event "Sao Joao del Rei op"]
[Site "Sao Joao del Rei"]
[Date "2020.02.08"]
[Round "2"]
[White "Heitor Silvino, Gonzaga"]
[Black "Julca, Jean Pietro Mendes"]
[Result "0-1"]
[WhiteElo "1800"]
[BlackElo "1402"]
[PlyCount "114"]
[EventDate "2020.02.08"]
[EventType "swiss"]
[EventRounds "5"]
[EventCountry "BRA"]
[SourceTitle "CBM 195 Extra"]
[Source "ChessBase"]
[SourceDate "2020.05.31"]
[SourceVersion "1"]
[SourceVersionDate "2020.05.31"]
[SourceQuality "1"]

1. e4 e6 2. d4 d5 3. exd5 exd5 4. Nc3 Nf6 5. Bg5 Be6 6. Bd3 c5 7. dxc5 Bxc5 8. Nf3 0-0 9. 0-0 Nc6 10. Re1 h6 11. Bh4 a6 12. Ne2 Nb4 13. c3 Nxd3 14. Qxd3 Be7 15. Rad1 Ne4 16. Bg3 Qb6 17. b4 Nxg3 18. Nxg3 Rac8 19. Rc1 Bf6 20. Nd4 Rfe8 21. Nge2 Qc7 22. Qg3 Qxg3 23. Nxg3 Bxd4 24. cxd4 Rxc1 25. Rxc1 Rc8 26. Rxc8+ Bxc8 27. Ne2 b5 28. Nc3 Be6 29. a4 bxa4 30. Nxa4 Kf8 31. f4 Ke7 32. Kf2 Kd7 33. Nc5+ Kc6 34. Nxa6 Kb5 35. Nc7+ Kxb4 36. Nxe6 fxe6 37. g4 g6 38. h4 h5 39. gxh5 gxh5 40. Kf3 Kc4 41. Ke3 Kc3 42. f5 exf5 43. Kf4 Kxd4 44. Kxf5 Ke3 45. Kg5 d4 46. Kxh5 d3 47. Kg6 d2 48. h5 d1Q 49. h6 Qg1+ 50. Kf7 Qh2 51. Kg7 Qg3+ 52. Kh8 Qe5+ 53. Kg8 Qg5+ 54. Kh7 Kf4 55. Kh8 Qxh6+ 56. Kg8 Qe6+ 57. Kf8 Qd7 0-1

[Event "Sudeste/Centro-Oeste-ch U1600"]
[Site "Barbacena"]
[Date "2019.10.27"]
[Round "5"]
[White "Julca, Jean Pietro Mendes"]
[Black "Bianchi, Paulo Sergio Weber"]
[Result "0-1"]
[WhiteElo "1393"]
[BlackElo "1800"]
[PlyCount "146"]
[EventDate "2019.10.25"]
[EventType "swiss"]
[EventRounds "6"]
[EventCountry "BRA"]
[SourceTitle "CBM 193 Extra"]
[Source "ChessBase"]
[SourceDate "2020.01.31"]
[SourceVersion "1"]
[SourceVersionDate "2020.01.31"]
[SourceQuality "1"]

1. e4 c6 2. d4 d5 3. e5 Bf5 4. Nf3 e6 5. c3 Nd7 6. Be3 h5 7. Bd3 Ne7 8. Nh4 Bxd3 9. Qxd3 c5 10. Nd2 Nc6 11. Nhf3 Be7 12. Rb1 Rc8 13. a3 Qc7 14. b4 cxd4 15. cxd4 Nb6 16. Rc1 Nxe5 17. Qb5+ Nc6 18. 0-0 a6 19. Qd3 Qd8 20. Ne5 Nxe5 21. dxe5 Nc4 22. Nxc4 dxc4 23. Qe4 Qd5 24. Qxd5 exd5 25. Rfd1 Rd8 26. Rd4 a5 27. Rcd1 axb4 28. axb4 Bxb4 29. Rxd5 Rxd5 30. Rxd5 Ke7 31. Rb5 Bc3 32. Rxb7+ Ke6 33. Rc7 Ra8 34. f4 Ra4 35. h4 Bb2 36. Bd2 c3 37. Bxc3 Bxc3 38. Rxc3 Rxf4 39. Rc6+ Kd5 40. g3 Rf5 41. Rc7 Kxe5 42. Kg2 g6 43. Kh3 Ke6 44. Rc3 Ke5 45. g4 hxg4+ 46. Kxg4 Rf1 47. Rc5+ Kf6 48. Rc6+ Kg7 49. Rc7 Kh6 50. Rc5 f5+ 51. Kg3 Re1 52. Rc4 Kh5 53. Rc8 Re3+ 54. Kf4 Re4+ 55. Kg3 Rg4+ 56. Kh3 Rxh4+ 57. Kg3 Rg4+ 58. Kf3 Ra4 59. Rh8+ Kg5 60. Rg8 Ra3+ 61. Kf2 Kh5 62. Rh8+ Kg4 63. Rg8 g5 64. Ke2 f4 65. Rd8 Ra2+ 66. Kd3 Kf3 67. Rg8 g4 68. Rf8 g3 69. Rg8 g2 70. Rg7 Kf2 71. Rf7 f3 72. Rg7 g1Q 73. Rxg1 Kxg1 0-1

[Event "Sudeste/Centro-Oeste-ch U1600"]
[Site "Barbacena"]
[Date "2019.10.26"]
[Round "2"]
[White "Julca, Jean Pietro Mendes"]
[Black "Simas, Breno Matos"]
[Result "0-1"]
[WhiteElo "1393"]
[BlackElo "1595"]
[PlyCount "78"]
[EventDate "2019.10.25"]
[EventType "swiss"]
[EventRounds "6"]
[EventCountry "BRA"]
[SourceTitle "CBM 193 Extra"]
[Source "ChessBase"]
[SourceDate "2020.01.31"]
[SourceVersion "1"]
[SourceVersionDate "2020.01.31"]
[SourceQuality "1"]

1. e4 e5 2. Nf3 Nc6 3. Bc4 Bc5 4. d3 Nf6 5. 0-0 0-0 6. c3 h6 7. h3 d6 8. Re1 Re8 9. Nbd2 Ne7 10. b4 Bb6 11. Nf1 Be6 12. Bxe6 fxe6 13. Ng3 Ng6 14. Qb3 Kh8 15. d4 exd4 16. cxd4 d5 17. e5 Nd7 18. Qd3 Nh4 19. Nxh4 Qxh4 20. Bb2 Nf8 21. a4 a6 22. a5 Ba7 23. Red1 c6 24. Qf3 Qe7 25. Ba3 Qh4 26. Qd3 Nh7 27. Bc1 Rf8 28. Be3 Qe7 29. Rab1 Rf7 30. Nh5 Rf5 31. Nf4 Qf7 32. g4 Rxf4 33. Bxf4 Qxf4 34. Qe3 Rf8 35. Rd3 Ng5 36. Re1 Nf3+ 37. Kg2 Qh2+ 38. Kf1 Qg1+ 39. Ke2 Qxe1# 0-1